THE BRITANNICA quizmaster/ (Record no. 35564)

MARC details
000 -LEADER
fixed length control field 00631nam a22002057a 4500
005 - DATE AND TIME OF LATEST TRANSACTION
control field 20100501103414.0
008 - FIXED-LENGTH DATA ELEMENTS--GENERAL INFORMATION
fixed length control field 100501t xxu||||| |||| 00| 0 eng d
020 ## - INTERNATIONAL STANDARD BOOK NUMBER
International Standard Book Number 817154827X
Terms of availability 100.00
035 ## - SYSTEM CONTROL NUMBER
System control number B-35080
037 ## - SOURCE OF ACQUISITION
Source of stock number/acquisition Reference
040 ## - CATALOGING SOURCE
Original cataloging agency DPL
082 ## - DEWEY DECIMAL CLASSIFICATION NUMBER
Classification number 000
245 ## - TITLE STATEMENT
Title THE BRITANNICA quizmaster/
260 ## - PUBLICATION, DISTRIBUTION, ETC. (IMPRINT)
Place of publication, distribution, etc New Delhi
Name of publisher, distributor, etc Encyclopaedia Britannica
Date of publication, distribution, etc 2001
260 ## - PUBLICATION, DISTRIBUTION, ETC. (IMPRINT)
Place of publication, distribution, etc Mumbai
Name of publisher, distributor, etc Popular Prakashan
Date of publication, distribution, etc 2001
300 ## - PHYSICAL DESCRIPTION
Extent 116p.;
Dimensions 24cm.(Pbk)
490 ## - SERIES STATEMENT
Series statement India series
Volume number/sequential designation 1
942 ## - ADDED ENTRY ELEMENTS (KOHA)
Source of classification or shelving scheme Dewey Decimal Classification
Item type English Books
Classification part 000
Call number suffix THE
Holdings
Withdrawn status Lost status Source of classification or shelving scheme Damaged status Not for loan Collection code Home library Current library Date acquired Cost, normal purchase price Total Checkouts Full call number Barcode Date last seen Copy number Cost, replacement price Koha item type
    Dewey Decimal Classification   Not For Loan Non-fiction Central Library Central Library 01/05/2010 100.00   000 THE B-35080 01/05/2010 1 100.00 English Books

© Delhi Public Library
Hit Counter
free hit counter